|
|
|
|
| LEADER |
00000ny a22000003n 4500 |
| 005 |
20110511143053.0 |
| 006 |
sbr p s 0 a0 |
| 007 |
cr cnu---m|a|a |
| 008 |
960611c2002 us j eng c |
| 010 |
|
|
|a 2002233106
|
| 022 |
|
|
|a 1544-158X
|
| 035 |
|
|
|a 3066
|
| 040 |
|
|
|a SpMaUCSC
|d vLex
|
| 082 |
0 |
|
|a 657/.05
|2 19
|
| 090 |
|
|
|c 1700
|d 1700
|
| 245 |
3 |
0 |
|a Catalyst
|h [Recurso electrn̤ico]
|c Ohio Society of Certified Public Accountants
|
| 246 |
3 |
3 |
|a Catalyst (Dublin, Ohio)
|
| 256 |
|
|
|a Servicio en ln̕ea
|
| 260 |
|
|
|a Columbus, Ohio :
|b Ohio Society of Certified Public Accountants
|
| 310 |
|
|
|a Anual
|
| 506 |
1 |
|
|a Contenido solo disponible en los productos indicados
|d vLex Global
|d vLex Global (Academic Edition, excluding Law Schools)
|d vLex Global (Academic Edition, Law Schools)
|
| 650 |
0 |
4 |
|a Contabilidad
|x Publicaciones perid̤icas
|
| 710 |
2 |
|
|a Ohio Society of Certified Public Accountants
|
| 740 |
0 |
|
|a vLex Revista (Servicios en ln̕ea)
|
| 780 |
0 |
0 |
|t Ohio CPA journal,
|x ISSN 0749-8284
|
| 785 |
0 |
0 |
|t CPA voice
|
| 843 |
|
|
|a Electrn̤ica. Abierta
|
| 853 |
|
|
|8 1
|i (year)
|j (month)
|k (day)
|
| 856 |
4 |
0 |
|z Acceso restringido
|u http://vlex.com/account/login_ip?fuente_id=3066
|
| 942 |
|
|
|c REV
|
| 999 |
0 |
4 |
|a Contabilidad
|v En ln̕ea.
|